[Event "1st China Chess King Competition 2024"]
[Site "Chengdu"]
[Date "2024.01.06"]
[Round "2.1"]
[White "Wei, Yi"]
[Black "Xue, Haowen"]
[Result "1-0"]
[WhiteElo "2740"]
[BlackElo "2452"]
[Annotator "TA"]
[PlyCount "79"]
[EventDate "2024.01.07"]
[EventType "k.o."]
[EventCountry "CHN"]
[SourceTitle "playchess.com"]
[Source "ChessBase"]
[SourceQuality "1"]

{[%evp 11,79,29,22,27,37,22,45,19,42,18,37,0,0,0,0,0,0,0,40,0,0,0,0,-21,18,17,82,85,138,135,114,116,127,109,477,482,472,469,451,446,571,433,422,413,430,427,419,424,406,354,419,426,425,425,654,644,612,495,452,435,579,585,916,916,870,853,2047,472,29986,29984]} 1. e4 {[%emt 0:00:02]} c6 {[%emt 0:00:02]} 2. d4 {[%emt 0:00:02]} d5 {[%emt 0:00:02]} 3. exd5 {[%emt 0:00:02]} cxd5 {[%emt 0:00:02]} 4. Bd3 {[%emt 0:00:02]} Nc6 {[%emt 0:00:03]} 5. c3 {[%emt 0:00:02]} Qc7 {[%emt 0:00:04]} 6. h3 {[%emt 0:00:05]} g6 {[%emt 0:00:10] now supersedes 6...Nf6.} 7. Ne2 {[%emt 0:00:02] B13: Caro-Kann: Exchange Variation and Panov-Botvinnik Attack.} Bf5 {[%emt 0:00:14]} 8. Bf4 {[%emt 0:01:00]} Qd7 {[%emt 0:00:06]} 9. Bxf5 {[%emt 0:03:13] White is slightly better.} gxf5 {[%emt 0:00:03]} 10. Qd3 $5 {[%emt 0:01:42][%mdl 4] [#] An interesting side line.} f6 $146 {[%emt 0:01:45][%cal Bf7f6,Bf6e5][%mdl 32]} ({Predecessor:} 10... Nf6 11. Nd2 e6 12. O-O-O Bd6 13. f3 Bxf4 14. Nxf4 Qd6 15. Qe3 O-O-O 16. g4 Ne7 {1-0 Palencia Morales,W (2279)-Gonzalez Lopez,N (2189) Medellin Castro Memorial 36th 2019 (7)}) 11. O-O {[%emt 0:02:48]} e5 {[%emt 0:02:13]} 12. dxe5 {[%emt 0:00:15]} fxe5 {[%emt 0:00:02]} 13. Qe3 {[%emt 0:00:09]} Qe7 {[%emt 0:01:12]} 14. Bg5 $36 {[%emt 0:00:27][%mdl 2048] White has some pressure.} Nf6 {[%emt 0:00:19]} 15. Qf3 {[%emt 0:00:22]} (15. f4 {with more complications.} Rg8 16. Bxf6 Qxf6 17. fxe5 Qg7 18. Rf2) 15... Qe6 {[%emt 0:01:06]} 16. Bxf6 {[%emt 0:00:06]} Qxf6 {[%emt 0:00:02]} 17. Qxd5 {[%emt 0:00:02]} (17. Rd1 $5 {[%cal Rd1d5]}) 17... Rd8 {[%emt 0:00:51]} 18. Qb3 {[%emt 0:00:37][%cal Of1e1]} Bc5 {[%emt 0:00:21]} (18... Qg6 $1 $11 {remains equal.}) 19. Na3 $16 {[%emt 0:01:24]} (19. Qxb7 f4 20. b4 Rd7 21. Qc8+ Ke7 $17) 19... Rd2 {[%emt 0:03:50] [#]} (19... Qg6 $142) 20. Rae1 $1 {[%emt 0:00:42]} Bxa3 {[%emt 0:03:22]} 21. bxa3 {[%emt 0:00:13] aiming for Nd4.} Qg6 {[%emt 0:02:36]} 22. Qxb7 {[%emt 0:01:04]} Rg8 $2 {[%emt 0:00:10][%mdl 8192] This move loses the game for Black.} (22... O-O $16 {is more resistant.}) 23. Nf4 $18 {[%emt 0:00:02]} Qh6 {[%emt 0:00:18]} 24. Qc8+ {[%emt 0:00:11][%mdl 64] Skewer} Rd8 {[%emt 0:00:04]} 25. Qxf5 {[%emt 0:00:03] Black must now prevent Rxe5+.} Rd6 {[%emt 0:00:06]} 26. Re3 {[%emt 0:00:43]} Rf8 {[%emt 0:00:19]} 27. Qc8+ {[%emt 0:00:19]} Kf7 {[%emt 0:00:11]} 28. Qc7+ {[%emt 0:00:05]} Kg8 {[%emt 0:00:03]} 29. Rg3+ {[%emt 0:00:36]} Kh8 {[%emt 0:00:01] [#]} 30. Nh5 {[%emt 0:00:01][%mdl 512]} Rg6 {[%emt 0:00:15]} (30... Rb8 31. Qg7+) 31. Rxg6 {[%emt 0:00:29]} Qxg6 {[%emt 0:00:02]} 32. Ng3 {[%emt 0:00:01]} Rg8 {[%emt 0:00:29]} (32... Rd8 $142 33. Re1 Qe6) 33. Rd1 {[%emt 0:00:04]} Rg7 {[%emt 0:00:09]} 34. Qc8+ {[%emt 0:00:16]} Rg8 {[%emt 0:00:02]} 35. Qf5 {[%emt 0:00:07]} Qh6 {[%emt 0:00:17]} 36. Rd7 {[%emt 0:00:11]} Qc1+ {[%emt 0:00:12]} 37. Kh2 {[%emt 0:00:02][%csl Gf5][%cal Rd7h7]} Qh6 {[%emt 0:00:02]} 38. Ne4 {[%emt 0:00:06]} Rg6 {[%emt 0:00:19]} 39. Rf7 {[%emt 0:00:29]} (39. g3 $142 a6 40. Rc7) 39... Qh4 {[%emt 0:00:11]} (39... Qf4+ $18 40. Qxf4 exf4 41. Rxf4 Kg7) 40. Nf6 {[%emt 0:00:22] A cool game by Wei.   Weighted Error Value: White=0.22 (precise) /Black=0.49} 1-0

[Event "1st China Chess King Competition 2024"]
[Site "Chengdu"]
[Date "2024.01.06"]
[Round "2.1"]
[White "Xu, Xiangyu"]
[Black "Yu, Yangyi"]
[Result "1/2-1/2"]
[WhiteElo "2623"]
[BlackElo "2720"]
[Annotator "TA"]
[PlyCount "124"]
[EventDate "2024.01.07"]
[EventType "k.o."]
[EventCountry "CHN"]
[SourceTitle "playchess.com"]
[Source "ChessBase"]
[SourceQuality "1"]

{[%evp 11,124,19,12,11,17,6,16,0,0,0,6,0,0,0,0,0,12,16,16,23,25,13,14,22,22,25,41,48,53,4,15,-14,-20,-39,-19,-46,-44,-44,-51,-43,-50,-43,-16,-23,-17,-71,-22,-41,-21,-106,-120,-108,-106,-106,-108,-108,-106,-133,-88,-108,-72,-115,-111,-138,-132,-118,-100,-104,-20,-19,-19,-25,-27,-29,-39,-59,0,-4,0,-62,-19,-19,-19,-19,-20,-41,0,-54,0,0,0,0,0,0,0,0,0,0,0,0,0,0,0,0,0,0,0,0,0,0,0,0,0,0,0]} 1. d4 {[%emt 0:00:03]} Nf6 {[%emt 0:00:03]} 2. Bf4 {[%emt 0:00:03]} d5 {[%emt 0:00:03]} 3. e3 {[%emt 0:00:03]} c5 {[%emt 0:00:03]} 4. c3 {[%emt 0:00:25]} Nc6 {[%emt 0:00:31]} 5. Nd2 {[%emt 0:00:09]} Bg4 {[%emt 0:00:46]} 6. Ngf3 {[%emt 0:00:29]} e6 {[%emt 0:00:04]} 7. Bb5 {[%emt 0:00:58] D02: 1 d4 d5 2 Nf3 sidelines, including 2...Nf6 3 g3 and 2...Nf6 3 Bf4.} Nd7 {[%emt 0:01:33] 7...cxd4 is becoming the main line.} 8. h3 {[%emt 0:00:36]} Bh5 {[%emt 0:00:07]} 9. Qa4 {[%emt 0:00:55]} Qc8 {[%emt 0:01:50]} 10. O-O {[%emt 0:00:32]} a6 {[%emt 0:00:54] Against c4} 11. Bxc6 {[%emt 0:00:03]} Qxc6 {[%emt 0:00:02]} 12. Qxc6 {[%emt 0:00:04]} bxc6 {[%emt 0:00:01]} 13. c4 {[%emt 0:01:02]} cxd4 {[%emt 0:00:12]} 14. exd4 {[%emt 0:00:09]} Be7 {[%emt 0:02:02] [#]} 15. Rfc1 $146 {[%emt 0:01:50]} ({Predecessor:} 15. Rac1 Nb6 16. Ne5 Rc8 17. g4 Bg6 18. Nxg6 hxg6 19. Kg2 Kd7 20. b3 Rhd8 21. Nf3 {0-1 Karas,M (2244)-Kezin,R (2470) Titled Tuesday intern op 19th May blitz 2020 (6)}) 15... O-O {[%emt 0:00:53]} 16. cxd5 {[%emt 0:00:04]} cxd5 {[%emt 0:00:01]} 17. Rc7 {[%emt 0:00:04] Dodges Rfc8} Rfd8 {[%emt 0:00:01]} 18. Rac1 {[%emt 0:00:04]} Bf8 {[%emt 0:00:26]} 19. Rb7 {[%emt 0:00:11] Black is weak on the dark squares} f6 {[%emt 0:00:46][%cal Oe6e5]} 20. Nb3 {[%emt 0:01:02]} (20. Rc6 $14) 20... a5 {[%emt 0:00:59][%cal Ba6a5,Ba5a4][%mdl 32]} 21. Bd2 {[%emt 0:00:06]} a4 $1 {[%emt 0:00:32]} 22. Na5 {[%emt 0:00:14] [#] Nc6 is the strong threat.} Be8 {[%emt 0:00:13]} 23. Re1 {[%emt 0:01:40]} Ra6 {[%emt 0:00:11]} 24. b4 {[%emt 0:00:31]} axb3 {[%emt 0:00:08]} 25. axb3 {[%emt 0:00:02]} Rb8 {[%emt 0:00:36]} 26. b4 {[%emt 0:00:51]} Rb6 {[%emt 0:00:36]} 27. Ra7 {[%emt 0:01:16]} Rc8 {[%emt 0:00:19]} 28. Rb1 {[%emt 0:01:16]} (28. g3 $11) 28... e5 {[%emt 0:00:37]} (28... h5 $17) 29. dxe5 $11 {[%emt 0:01:00]} Nxe5 {[%emt 0:00:03]} 30. Rb7 {[%emt 0:01:17]} (30. Nd4 $11) 30... Nxf3+ $17 {[%emt 0:00:23]} 31. gxf3 {[%emt 0:00:03]} Rxb7 {[%emt 0:00:38]} 32. Nxb7 {[%emt 0:00:02]} d4 {[%emt 0:01:17] Dodges Be3} 33. Nc5 {[%emt 0:00:39]} Bxc5 {[%emt 0:00:41]} 34. Rc1 {[%emt 0:00:16][%mdl 64] [#] Pin} Bd7 {[%emt 0:00:14]} 35. bxc5 {[%emt 0:00:13][%mdl 4096] Endgame KRB-KRB} Bc6 {[%emt 0:00:14]} 36. Kg2 {[%emt 0:00:20]} Kf7 {[%emt 0:00:26]} 37. Ra1 {[%emt 0:02:03]} Ke6 {[%emt 0:00:37]} 38. Ra7 {[%emt 0:00:03]} Rb8 {[%emt 0:00:26]} 39. Rxg7 {[%emt 0:00:37][%cal Od2h6]} Rb2 {[%emt 0:00:23]} (39... h5 $17 40. Bh6 Rb3) 40. Bh6 $11 {[%emt 0:00:03]} Rb3 {[%emt 0:00:37]} 41. Rxh7 {[%emt 0:00:08]} Rxf3 {[%emt 0:00:09]} 42. Rc7 {[%emt 0:00:17]} Bd5 {[%emt 0:00:06][%mdl 1024] Hoping for ...d3. Black has compensation.} 43. h4 {[%emt 0:00:08]} Rd3+ {[%emt 0:01:01]} ({Black should play} 43... Rb3+ $15 44. Kh2 Rf3) 44. Kh2 {[%emt 0:00:14]} Rf3 {[%emt 0:00:09]} (44... Kf5 $11) 45. Kg2 $15 {[%emt 0:00:11]} d3 {[%emt 0:00:07]} 46. Kf1 $1 {[%emt 0:00:06]} Rh3 {[%emt 0:00:02][%cal Rh3h1]} 47. Ke1 {[%emt 0:00:02]} Rxh4 {[%emt 0:00:03]} 48. Bf8 {[%emt 0:00:23]} Rc4 {[%emt 0:00:23]} (48... Ke5 $5 {[%cal Re5d4]} 49. Bg7 Re4+ 50. Kd2 Kd4 51. Bxf6+ Kc4 $11) 49. Re7+ {[%emt 0:00:02]} Kf5 {[%emt 0:00:01][%cal Oc4c2]} 50. Re3 $1 {[%emt 0:00:05] The position is equal.} Rc1+ {[%emt 0:00:42]} 51. Kd2 {[%emt 0:00:02]} Rc2+ {[%emt 0:00:01]} 52. Kxd3 {[%emt 0:00:01]} Rxf2 {[%emt 0:00:01]} 53. Bd6 {[%emt 0:00:03]} Bc6 {[%emt 0:00:10]} 54. Re1 {[%emt 0:00:11]} Ra2 {[%emt 0:00:17]} 55. Be7 {[%emt 0:00:08]} Ra3+ {[%emt 0:00:10]} 56. Kd4 {[%emt 0:00:14]} Ra4+ {[%emt 0:00:04]} 57. Kc3 {[%emt 0:00:04]} Rf4 {[%emt 0:00:14]} 58. Bd8 {[%emt 0:00:13]} Bd5 {[%emt 0:00:18]} 59. Kd3 {[%emt 0:00:17]} Bc6 {[%emt 0:00:13]} 60. Kc3 {[%emt 0:00:02]} Bb5 {[%emt 0:00:03]} 61. Kb3 {[%emt 0:00:26]} Rd4 {[%emt 0:00:09]} 62. Be7 {[%emt 0:00:11]} Rf4 {[%emt 0:00:24] Weighted Error Value: White=0.10 (very precise) /Black=0.11 (very precise)} 1/2-1/2

[Event "1st China Chess King Competition 2024"]
[Site "Chengdu"]
[Date "2024.01.06"]
[Round "2.1"]
[White "Bai, Jinshi"]
[Black "Ding, Liren"]
[Result "1/2-1/2"]
[WhiteElo "2586"]
[BlackElo "2780"]
[Annotator "TA"]
[PlyCount "44"]
[EventDate "2024.01.07"]
[EventType "k.o."]
[EventCountry "CHN"]
[SourceTitle "playchess.com"]
[Source "ChessBase"]
[SourceQuality "1"]

{[%evp 9,44,5,14,8,5,0,30,11,25,17,29,20,41,0,20,12,10,-14,-13,-10,-15,-14,14,0,39,31,23,0,0,0,0,0,0,0,28,45,29]} 1. d4 {[%emt 0:00:02]} Nf6 {[%emt 0:00:02]} 2. Nf3 {[%emt 0:00:04]} e6 {[%emt 0:00:07]} 3. g3 {[%emt 0:00:03]} b5 {[%emt 0:00:08]} 4. Bg2 {[%emt 0:00:11]} d5 {[%emt 0:00:44]} 5. a4 {[%emt 0:00:53]} b4 {[%emt 0:00:01] [#]} 6. c4 $1 {[%emt 0:00:02] A46: 1 d4 Nf6 2 Nf3 e6: Torre, London and Colle Systems.} bxc3 {[%emt 0:00:05]} 7. Nxc3 {[%emt 0:00:02]} Nbd7 {[%emt 0:00:07]} 8. O-O {[%emt 0:00:52] White has an edge.} Ba6 {[%emt 0:00:04]} 9. Bf4 {[%emt 0:00:44]} c6 {[%emt 0:00:05] Repels Nb5} 10. Qc2 {[%emt 0:00:07]} Be7 {[%emt 0:00:05] [#]} 11. Rfd1 $146 {[%emt 0:00:59]} ({Predecessor:} 11. Rfb1 O-O 12. b4 Rc8 13. Qd1 h6 14. b5 Bb7 15. bxc6 Bxc6 16. Nb5 Ra8 17. Qd3 a6 18. Nc7 Ra7 19. Nxa6 Qc8 20. Nb8 Rxa4 {½-½ Braun,G (2402)-Schlosser,P (2507) Baden-Baden Swiss 1st 2021 (8)}) 11... O-O {[%emt 0:00:02]} 12. e4 {[%emt 0:00:02]} Rc8 {[%emt 0:00:09]} 13. h4 {[%emt 0:00:11]} (13. e5 $5 {[%cal Re5f6]} Ne8 14. Be3 $11) 13... Nxe4 {[%emt 0:01:28]} 14. Nxe4 {[%emt 0:00:04]} dxe4 {[%emt 0:00:01]} 15. Qxe4 {[%emt 0:01:24]} Nf6 {[%emt 0:00:01]} 16. Qc2 {[%emt 0:00:02]} Qb6 {[%emt 0:01:42]} 17. Ne5 {[%emt 0:00:20][%cal Re5c6]} c5 {[%emt 0:00:01]} 18. a5 {[%emt 0:00:10]} Qb5 {[%emt 0:00:03]} 19. Qa4 {[%emt 0:03:04]} Qxa4 {[%emt 0:02:13]} 20. Rxa4 {[%emt 0:00:01] Nc6 would be deadly.} Bb5 {[%emt 0:00:03] Against Nc6} 21. Raa1 {[%emt 0:00:01]} c4 {[%emt 0:00:24]} 22. Bb7 {[%emt 0:00:47]} Rcd8 {Weighted Error Value: White=0.08 (flawless) /Black=0.10 (very precise)} 1/2-1/2

[Event "1st China Chess King Competition 2024"]
[Site "Chengdu"]
[Date "2024.01.06"]
[Round "2.1"]
[White "Huang, Renjie"]
[Black "Wang, Hao"]
[Result "0-1"]
[WhiteElo "2513"]
[BlackElo "2702"]
[Annotator "TA"]
[PlyCount "88"]
[EventDate "2024.01.07"]
[EventType "k.o."]
[EventCountry "CHN"]
[SourceTitle "playchess.com"]
[Source "ChessBase"]
[SourceQuality "1"]

{[%evp 13,88,18,36,15,21,-12,0,-20,0,0,0,-71,-31,-141,0,-13,19,22,11,-70,-52,-66,-61,-102,0,0,10,-424,-396,-407,-336,-291,-323,-413,-89,-434,-408,-420,-417,-412,-399,-392,-398,-415,-410,-476,-473,-449,-426,-392,-313,-425,-427,-1651,-509,-491,-481,-563,-556,-541,-510,-466,-427,-652,-652,-585,-583,-572,-576,-554,-530,-1009,-1025,-1014,-940,-29986,-29987]} 1. e4 {[%emt 0:00:01]} c5 {[%emt 0:00:07]} 2. Nf3 {[%emt 0:00:01]} d6 {[%emt 0:00:01]} 3. d4 {[%emt 0:00:02]} cxd4 4. Nxd4 {[%emt 0:00:04]} Nf6 5. Nc3 {[%emt 0:00:03]} a6 {[%emt 0:00:01]} 6. Be3 {[%emt 0:00:05]} e5 {[%emt 0:00:02]} 7. Nb3 {[%emt 0:00:04]} Be6 {[%emt 0:00:01]} 8. h3 {[%emt 0:00:06] B90: Sicilian Najdorf: Unusual White 6th moves, 6 Be3 Ng4 and 6 Be3 e5.} Be7 {[%emt 0:00:06]} 9. Qd2 {[%emt 0:00:19]} O-O {[%emt 0:00:09]} 10. O-O-O {[%emt 0:00:42] The position is equal.} a5 {[%emt 0:00:03]} 11. a4 {[%emt 0:00:23]} Nc6 {[%emt 0:00:17]} 12. Bb5 {[%emt 0:00:33]} (12. f4 $11 {remains equal.}) 12... Nb4 {[%emt 0:00:08] [#]} (12... Rc8 $5 {[%cal Rc6b4]} 13. f3 Nb4 $11) 13. f4 $146 {[%emt 0:01:32]} (13. Qe2 $1 $15) ({Predecessor:} 13. Kb1 Rc8 14. f3 d5 15. exd5 Nfxd5 16. Nxd5 Bxd5 17. c4 Be6 18. Qxd8 Bf5+ 19. Ka1 {½-½ Moussard,J (2667)-Naroditsky,D (2618) Titled Tuesday intern op 25th Apr Early blitz 2023 (8)}) 13... Qc8 {[%emt 0:01:19]} (13... Rc8 $17 {...Bxb3 would be deadly.} 14. Kb1 Nxe4 15. Nxe4 Rxc2 16. Qxc2 Nxc2 17. Kxc2 f6) 14. Kb1 $11 {[%emt 0:01:54]} exf4 {[%emt 0:01:12]} 15. Bxf4 {[%emt 0:00:05]} d5 {[%cal Bd6d5,Bd5e4,Be4e3][%mdl 32]} 16. e5 {[%emt 0:03:06]} (16. exd5 $11 Nfxd5 17. Be5) 16... Ne4 $15 {[%emt 0:00:03]} 17. Nxe4 {[%emt 0:00:06]} dxe4 {[%emt 0:00:02]} 18. Nd4 {[%emt 0:00:02]} Ba2+ {[%emt 0:00:01]} ({Black should play} 18... Rd8 $17 {[%cal Od8d4] aiming for ...Rxd4!} 19. Qe2 Ba2+ 20. Ka1 Rxd4 {[%mdl 64] Remove Defender, Decoy} 21. Rxd4 Nxc2+ 22. Kxa2 Nxd4 23. Qxe4 Nxb5 24. axb5 Qe6+ 25. Ka1 Rd8) 19. Ka1 $11 {[%emt 0:01:42]} Bc4 {[%emt 0:00:19]} 20. Rhe1 $2 {[%emt 0:02:48][%mdl 8192]} (20. Nc6 $1 $11 Nxc6 21. Bxc4) 20... Bxb5 {[%emt 0:03:57][%mdl 64] Remove Defender} 21. axb5 {[%emt 0:00:01]} Bc5 {[%emt 0:00:01] White must now prevent ...Bxd4.} (21... Qc4 $2 22. b3 Qc5 23. c3 $19) 22. Nb3 {[%emt 0:01:05] [#]} e3 $1 {[%emt 0:00:02][%mdl 512]} 23. Qc3 {[%emt 0:01:09] [#]} (23. Qe2 Qf5) 23... Qf5 $2 {[%emt 0:02:43]} (23... Qe6 $1 $19 24. Kb1 (24. Qxc5 $2 Rac8 $19) 24... Rfc8) 24. Re2 $2 {[%emt 0:01:12][%mdl 8192]} (24. Kb1 $17 {was the crucial defense.} Rac8 25. Nxc5 (25. Bxe3 $2 Bxe3 26. g4 Qf2 $19) 25... Qxf4 26. e6 (26. Rxe3 $2 Qf2 $19) 26... fxe6 27. Qxg7+ {[%mdl 64] Decoy} (27. Rd7 $2 Qg3 $19) 27... Kxg7 28. Nxe6+ Kg6 29. Nxf4+ Rxf4 30. c3) 24... Bb6 {[%emt 0:02:00]} 25. Bxe3 {[%emt 0:00:14]} Bxe3 {[%emt 0:00:02]} 26. Qxe3 {[%emt 0:00:01]} Nxc2+ {[%emt 0:00:06]} 27. Rxc2 {[%emt 0:00:01]} Qxc2 {[%emt 0:00:02]} 28. Rc1 {[%emt 0:00:42]} Qg6 {[%emt 0:00:23]} (28... Qxg2 $2 {loses.} 29. Nd4 Qd5 30. Nf5 $19) 29. Rc7 {[%emt 0:00:06]} a4 {[%emt 0:00:40]} (29... Qxg2 $2 {too greedy.} 30. e6 $19) 30. Nd4 {[%emt 0:00:16]} a3 {[%emt 0:00:40]} 31. bxa3 {[%emt 0:00:05]} Qb6 {[%emt 0:00:02]} 32. Rc3 {[%emt 0:00:28]} Rfd8 {[%emt 0:00:16]} 33. Nf5 {[%emt 0:01:03]} (33. Rd3 $142) 33... Qxb5 {[%emt 0:01:48]} (33... Rd1+ $142 34. Rc1 Qxe3 {[%mdl 64] Remove Defender} 35. Nxe3 Rxc1+ 36. Kb2 Rc5) 34. Nd6 $19 {[%emt 0:00:04]} Qf1+ {[%emt 0:00:02]} 35. Rc1 {[%emt 0:00:07]} Qxg2 {[%emt 0:00:02][%cal Ob7b5]} 36. Qb3 {[%emt 0:00:11]} Qg6 {[%emt 0:00:38]} 37. Rc7 {[%emt 0:00:14]} Qe6 {[%emt 0:00:44]} 38. Qc3 {[%emt 0:00:38]} (38. Qxe6 $142 fxe6 39. Ka2) 38... h6 {[%emt 0:00:15]} 39. Kb2 {[%emt 0:00:16]} Rd7 {[%emt 0:00:20] Hoping for ...Rxc7.} 40. Rc5 {[%emt 0:00:10]} Rad8 {[%emt 0:00:16]} 41. a4 {[%emt 0:00:05]} f6 {[%emt 0:00:12][%cal Bf7f6,Bf6e5][%mdl 32] ...fxe5 is the strong threat.} 42. Ne4 {[%emt 0:00:25]} Rd4 {[%emt 0:00:13]} 43. Nd6 {[%emt 0:00:08]} fxe5 {[%emt 0:00:09]} 44. Nxb7 {[%emt 0:00:08]} Rd2+ {[%emt 0:00:06] An entertaining game by Wang.   Weighted Error Value: White=0.83/Black=0.44} 0-1

[Event "1st China Chess King Competition 2024"]
[Site "Chengdu"]
[Date "2024.01.06"]
[Round "2.1"]
[White "Xue, Haowen"]
[Black "Wei, Yi"]
[Result "0-1"]
[WhiteElo "2452"]
[BlackElo "2740"]
[Annotator "TA"]
[PlyCount "78"]
[EventDate "2024.01.07"]
[EventType "k.o."]
[EventCountry "CHN"]
[SourceTitle "playchess.com"]
[Source "ChessBase"]
[SourceQuality "1"]

{[%evp 13,78,0,0,0,4,0,0,-24,-16,-19,-32,-20,14,7,8,12,10,2,29,18,66,21,25,23,66,61,90,90,90,88,90,90,97,112,115,108,105,95,135,57,57,56,61,0,6,0,0,0,0,-1,0,0,0,-27,-27,-116,-116,-131,-91,-91,-93,-79,-66,-157,-158,-29982,-413]} 1. c4 {[%emt 0:00:02]} e5 {[%emt 0:00:40]} 2. Nc3 {[%emt 0:00:10]} Nf6 {[%emt 0:00:02]} 3. Nf3 {[%emt 0:00:09]} Nc6 {[%emt 0:00:02]} 4. e3 {[%emt 0:00:34]} Bb4 {[%emt 0:00:10]} 5. Qc2 {[%emt 0:00:02]} Bxc3 {[%emt 0:00:14]} 6. Qxc3 {[%emt 0:00:05]} Qe7 {[%emt 0:00:05]} 7. Be2 {[%emt 0:01:12]} O-O {[%emt 0:01:14]} 8. O-O {[%emt 0:01:24] A28: English Opening: Four Knights Variation.} d5 {[%emt 0:00:02]} 9. d4 {[%emt 0:00:48]} Bg4 {[%emt 0:00:02] Threatens to win with ...e4.} 10. dxe5 {[%emt 0:03:17] [#] The position is equal.} Nxe5 {[%emt 0:01:13]} 11. Nxe5 {[%emt 0:01:10][%cal Bf3e5,Be5d3,Bd3f4][%mdl 32]} (11. b3 Nxf3+) 11... Bxe2 {[%emt 0:00:02]} 12. Re1 {[%emt 0:00:02] [#]} Bh5 $146 {[%emt 0:03:56] aiming for ...Ne4.} (12... Ne4 {feels hotter.} 13. Qd4 Bxc4 14. Nxc4 dxc4 15. Qxc4 Rfd8) ({Predecessor:} 12... Ne4 13. Qd4 Bxc4 14. Nxc4 dxc4 15. Qxc4 Rad8 16. f3 Nc5 17. e4 Nd3 18. Re2 Nxc1 19. Rxc1 {0-1 Medvegy,Z (2527)-Navara,D (2697) EU-Cup Online Play-B rapid 2021 (5.3)}) 13. f3 {[%emt 0:00:18] Prevents Ne4.} Rfe8 {[%emt 0:03:14]} 14. Nd3 {[%emt 0:00:07]} Rad8 {[%emt 0:00:02]} 15. Nf4 {[%emt 0:01:40]} d4 {[%emt 0:00:47]} 16. Qb3 {[%emt 0:01:42]} Qc5 {[%emt 0:00:11]} (16... b6 $11 {might be stronger.}) 17. Qb5 {[%emt 0:01:13]} Qxb5 {[%emt 0:00:48]} 18. cxb5 {[%emt 0:00:01]} dxe3 {[%emt 0:03:18]} 19. Bxe3 {[%emt 0:00:04]} Nd5 {[%emt 0:00:19]} 20. Nxd5 {[%emt 0:00:18]} (20. Bxa7 $2 Nxf4 21. Rxe8+ Rxe8 $19) 20... Rxd5 {[%emt 0:00:01]} 21. Bxa7 {[%emt 0:00:44][%cal Re1e8]} Ra8 {[%emt 0:00:01][%cal Ob7b6] [#]} 22. a4 $1 {[%emt 0:01:00]} b6 {[%emt 0:00:02] [#]} 23. Re7 $1 {[%emt 0:01:44]} Rc5 {[%emt 0:00:03]} 24. b4 {[%emt 0:00:31]} Rc4 {[%emt 0:01:05] [#]} 25. a5 $1 {[%emt 0:00:02][%cal Oa7b6]} h6 {[%emt 0:00:46] [#]} (25... f6 26. axb6) 26. axb6 {[%emt 0:00:27]} (26. Bxb6 $1 $16 cxb6 27. Rb7) 26... cxb6 $14 27. Rb1 {[%emt 0:00:21]} Rc2 {[%emt 0:00:55] Repels Rb2} 28. Rf1 ({Don't play} 28. Bxb6 Raa2 $11) ({White should play} 28. Rd1 $14) 28... Bg6 {[%emt 0:00:08]} 29. g4 {[%emt 0:00:18]} Rc4 {[%emt 0:00:40]} 30. Bxb6 {[%emt 0:00:09] Bc5 is the strong threat.} Rxb4 {[%emt 0:00:01]} 31. Re5 {[%emt 0:00:10]} Bd3 {[%emt 0:00:06][%csl LRb5,LRf1][%cal Of7f6]} 32. Rd1 {[%emt 0:00:07]} Ra2 {[%emt 0:00:06][%cal Ob4b2]} 33. Bf2 {[%emt 0:00:14]} (33. Rxd3 $2 {gets mated.} Rb1+) 33... Bxb5 {[%emt 0:00:09] Hoping for ...Rbb2.} 34. Rf5 {[%emt 0:00:12]} (34. Rd8+ $11 Kh7 35. Be1) 34... Rbb2 $17 {[%emt 0:00:11]} 35. Bg3 {[%emt 0:00:01]} Bd3 {[%emt 0:00:11][%mdl 64] Deflection, Back Rank} 36. Rf4 {[%emt 0:00:16]} Be2 {[%emt 0:00:11] Black is much more active.} 37. Re1 {[%emt 0:00:01]} ({Not} 37. Rd8+ $2 Kh7 38. Be1 Bb5 $19) 37... Rb3 {[%emt 0:00:04]} 38. Kg2 {[%emt 0:00:21]} (38. Bf2 $1 $15) 38... Bxf3+ {[%emt 0:00:13]} 39. Kh3 $2 (39. Kf1 $17) 39... Bg2+ {[%emt 0:00:02] Weighted Error Value: White=0.37/Black=0.10 (very precise)} 0-1